Использование методов органической геохимии при проведении нефтепоисковых работ на востоке Томской области; Проблемы геологии и освоения недр; Т. 1

Bibliografske podrobnosti
Parent link:Проблемы геологии и освоения недр: труды XVI Международного симпозиума имени академика М. А. Усова студентов и молодых ученых, Томск, 2-7 апреля 2012 г./ Национальный исследовательский Томский политехнический университет (ТПУ), Институт природных ресурсов (ИПР) ; Общество инженеров-нефтяников, Студенческий чаптер ; под ред. О. Г. Савичева.— , 2012
Т. 1.— 2012.— [С. 331-333]
Glavni avtor: Чиркова Д. Ю. Диана Юрьевна
Corporate Authors: Национальный исследовательский Томский политехнический университет (ТПУ) Институт природных ресурсов (ИПР) Кафедра транспорта и хранения нефти и газа (ТХНГ), Национальный исследовательский Томский политехнический университет (ТПУ) Институт природных ресурсов (ИПР) Кафедра геологии и разработки нефтяных месторождений (ГРНМ)
Drugi avtorji: Красноярова Н. А. Наталья Алексеевна (научный руководитель), Гладких М. А. Марина Алексеевна
Izvleček:Заглавие с экрана
Jezik:ruščina
Izdano: 2012
Serija:Геология нефти и газа. Современные методы поисков и разведки углеводородного сырья
Teme:
Online dostop:http://www.lib.tpu.ru/fulltext/c/2012/C11/V1/146.pdf
Format: Elektronski Book Chapter
KOHA link:https://koha.lib.tpu.ru/cgi-bin/koha/opac-detail.pl?biblionumber=231797

MARC

LEADER 00000nla2a2200000 4500
001 231797
005 20231225150258.0
035 |a (RuTPU)RU\TPU\book\252823 
035 |a RU\TPU\book\252822 
090 |a 231797 
100 |a 20130206d2012 k y0rusy50 ca 
101 0 |a rus 
102 |a RU 
105 |a y z 100zy 
135 |a arnn ---uucaa 
181 0 |a i  
182 0 |a b 
200 1 |a Использование методов органической геохимии при проведении нефтепоисковых работ на востоке Томской области  |f Д. Ю. Чиркова  |g науч. рук. Н. А. Красноярова ; М. А. Гладких 
203 |a Текст  |c электронный 
225 1 |a Геология нефти и газа. Современные методы поисков и разведки углеводородного сырья 
300 |a Заглавие с экрана 
320 |a [Библиогр.: с. 333 (7 назв.)] 
337 |a Adobe Reader 
461 1 |0 (RuTPU)RU\TPU\book\252494  |t Проблемы геологии и освоения недр  |o труды XVI Международного симпозиума имени академика М. А. Усова студентов и молодых ученых, Томск, 2-7 апреля 2012 г.  |o в 2 т.  |f Национальный исследовательский Томский политехнический университет (ТПУ), Институт природных ресурсов (ИПР) ; Общество инженеров-нефтяников, Студенческий чаптер ; под ред. О. Г. Савичева  |d 2012 
463 1 |0 (RuTPU)RU\TPU\book\252505  |t Т. 1  |v [С. 331-333]  |d 2012 
610 1 |a труды учёных ТПУ 
610 1 |a электронный ресурс 
610 1 |a органическая геохимия 
610 1 |a нефтепоисковые работы 
610 1 |a Томская область 
700 1 |a Чиркова  |b Д. Ю.  |c специалист в области транспорта и хранения нефти  |c ассистент Томского политехнического университета  |g Диана Юрьевна  |3 (RuTPU)RU\TPU\pers\34779 
702 1 |a Красноярова  |b Н. А.  |c геохимик  |c доцент Томского политехнического университета, кандидат геолого-минералогических наук  |f 1980-  |g Наталья Алексеевна  |3 (RuTPU)RU\TPU\pers\31552  |4 727 
702 1 |a Гладких  |b М. А.  |c специалист в области нефтегазового дела  |c старший преподаватель Томского политехнического университета  |f 1964-  |g Марина Алексеевна  |3 (RuTPU)RU\TPU\pers\30407  |4 727  |9 14750 
712 0 2 |a Национальный исследовательский Томский политехнический университет (ТПУ)  |b Институт природных ресурсов (ИПР)  |b Кафедра транспорта и хранения нефти и газа (ТХНГ)  |3 (RuTPU)RU\TPU\col\18661 
712 0 2 |a Национальный исследовательский Томский политехнический университет (ТПУ)  |b Институт природных ресурсов (ИПР)  |b Кафедра геологии и разработки нефтяных месторождений (ГРНМ)  |3 (RuTPU)RU\TPU\col\18657 
801 2 |a RU  |b 63413507  |c 20150623  |g RCR 
856 4 |u http://www.lib.tpu.ru/fulltext/c/2012/C11/V1/146.pdf 
942 |c CF